History of art : a survey of the major visual arts from the dawn of history to the present day /

Saved in:

Main Author: Janson, H. W. 1913-1982.

Other Authors: Janson, Dora Jane, 1916-2002 (joint author.)

Format: Book

Language: English

Published: New York : H. N. Abrams, 1977.

Edition: 2d ed.

Subjects:

Tags: Add Tag

No Tags, Be the first to tag this record!

Call Number: N5300 .J35

LEADER 01114nam a22003377a 4500
003 OSt
005 20260504103604.0
008 260504t1977 nyua b 001 0 eng
010 |a  76027882  
020 |a 0810910527 :  |c $28.50 
020 |a 9780810910522 
035 |a 4598572 
040 |a DLC  |c DLC  |d DLC 
050 1 4 |a N5300  |b .J35 
082 0 0 |a 709 
100 1 |a Janson, H. W.  |q (Horst Woldemar),  |d 1913-1982. 
245 1 0 |a History of art :  |b a survey of the major visual arts from the dawn of history to the present day /  |c H. W. Janson, with Dora Jane Janson. 
250 |a 2d ed. 
260 |a New York :  |b H. N. Abrams,  |c 1977. 
300 |a 767 p. :  |b ill. ;  |c 30 cm. 
336 |a text  |b txt  |2 rdacontent 
337 |a unmediated  |b n  |2 rdamedia 
338 |a volume  |b nc  |2 rdacarrier 
500 |a Includes index. 
504 |a Bibliography: p. 751-755. 
650 0 |a Art  |x History. 
700 1 |a Janson, Dora Jane,  |d 1916-2002,  |e joint author. 
906 |a 7  |b cbc  |c orignew  |d 1  |e ocip  |f 19  |g y-gencatlg 
942 |2 lcc  |c BK 
955 |a LCAP batch update 2025-06-02-04:00: LCAPM-644, LCAPM-150 
999 |c 62229  |d 62229